• 首页
  • 本馆介绍
  • 公告通知
  • 最新文献
  • 馆藏检索
  • 电子资源
  • 读者导购
  • 参考咨询
  • 我的图书馆
  • 登录
  • 详细信息显示
  • 放入我的书架
  • 预约/预借图书
  • 作者相关作品
  • 分类相关作品
  • 丛书相关作品
  • 出版社相关作品

书目信息

  • 表格格式
  • 工作单格式
  • 卡片格式
题名:
饲料安全学
    
 
作者: 陈代文
分册:  
出版信息: 北京   中国农业出版社  2010
页数: 233
开本: 26cm
丛书名:
单 册:
中图分类: S81
科图分类:
主题词: 畜牧学
电子资源:
ISBN: 7-109-15019-5
000 00511nam0 2200181 450
001 1735965424
005 20170410095925.42
010    @a7-109-15019-5@d¥29.00
100    @a20170410d km y0chiy0120 ea
101 0  @achi
200 1  @a饲料安全学@Asi liao an quan xue@f陈代文@Fchen dai wen
210    @a北京@c中国农业出版社@d2010
215    @a233@d26cm
606 0  @a畜牧学
690    @aS81@v4
701  0 @a陈代文@Achen dai wen
801  0 @aCN@b大连网信软件有限公司图书馆·11@c20170410
905    @b6604903@dS81@en10@f1
    
    饲料安全学/陈代文.-北京:中国农业出版社,2010
    233;26cm
    
    
    ISBN 7-109-15019-5:¥29.00
    
●
相关链接 在E读中查询图书 在五车中查询图书 在当当中查询图书 在豆瓣中查询图书


正题名:饲料安全学     索取号:S81/n10         预约/预借

序号 登录号 条形码 馆藏地/架位号 状态 备注
1 6604903   266049037   生命科学系资料室/ [索取号:S81/n10] 在馆    
唐山师范学院图书馆 欢迎您!
大连网信软件有限公司© 版权所有